| 000 | 00524nam a2200217Ia 4500 | ||
|---|---|---|---|
| 005 | 20251121230821.0 | ||
| 008 | 230125s9999 xx 000 0 und d | ||
| 020 | _a978-93-81754-7 | ||
| 041 | _aeng | ||
| 082 |
_a158.1 _bSIL |
||
| 100 |
_aSilva J _9215411 |
||
| 245 | _aThe Silva Mind Control Method | ||
| 260 |
_bThree Ess Publisher _aDelhi |
||
| 300 | _a231p | ||
| 440 | _v1 | ||
| 500 | _aPersonality Development | ||
| 650 |
_aAptitude Tests _9215369 |
||
| 700 |
_aSilva J _9215411 |
||
| 906 | _b27 | ||
| 942 | _cBK | ||
| 999 |
_c95956 _d95956 |
||